000 00537nam a2200181Ia 4500
003 GCL
008 140319s9999 xx 000 0 ara d
040 _aGCL /
_cGCL
082 0 4 _aط
_b823.087
_bا ع
100 1 _aعزه حسين كبه (مترجم)
245 1 0 _aالعودة الى كهف الزمن /
_cعزه حسين كبه (مترجم)
700 1 _aادوارد باكارد
300 _a90 ص
490 _aاروع المغامرات
_v0
650 0 4 _aالاطفال
650 0 4 _aقصص الاطفال
942 _2ddc
_cBK
999 _c45116
_d45116